Metal Bands by Member and Song - Statistics

General Stats
  • This quiz has been taken 35 times
  • The average score is 6 of 24
Answer Stats
Hint Band % Correct
Paul Stanley - Detroit Rock City KISS
80%
Dee Snider - We're Not Gonna Take It Twisted Sister
70%
Bruce Dickinson - The Clansman Iron Maiden
50%
Per Ynge Ohlin - Freezing Moon Mayhem
47%
Varg Vikernes - Jesus' Tod Burzum
40%
Joakim Brodén - The Last Stand Sabaton
40%
Floor Jansen - The Antikythera Mechanism Nightwish
33%
John Tardy - Chopped in Half Obituary
33%
Mikael Åkerfeldt - The Drapery Falls Opeth
33%
Dax Riggs - Cheap Vodka Acid Bath
30%
Johan Hegg - Shield Wall Amon Amarth
20%
Thomas Börje Forsberg - Mother Earth Father Thunder Bathory
17%
Daniel Lloyd Davey - Nymphetamine Fix Cradle of Filth
17%
Vegard Sverre Tveitan - Inno A Satana Emperor
17%
Phil Bozeman - A Visceral Retch Whitechapel
17%
Johannes Eckerström - Puppet Show Avatar
13%
Matthias Lillmåns - Trollhammaren Finntroll
13%
Daniel Rostén - Frontschwein Marduk
13%
Louis Benjamin Fahlgoust - Alchemy of the Black Sun Cult Goatwhore
10%
Jonas Petter Renkse - Decima Katatonia
10%
Chris Harms - Loreley Lord of the Lost
10%
Nick Holmes - Pray Nightfall Paradise Lost
10%
Dennis Droomers - The Carriage Wheel Murder Carach Angren
7%
Michael Locher - Rain Samael
7%
No matching quizzes found
Score Distribution
Percent of People with Each Score
Percentile by Number Answered
Your Score History
You have not taken this quiz